Films by Quote - Statistics

General Stats
  • This quiz has been taken 22 times
  • The average score is 5 of 15
Answer Stats
Hint Answer % Correct
'I'm having an old friend for dinner' Silence of the Lambs
79%
'Yippie-ki-yay' Die Hard
74%
'Every time a bell rings, an angel gets his wings' It's a Wonderful Life
58%
'There's a passage I got memorized. Ezekiel 25:17.' Pulp Fiction
58%
'Leave the gun. Take the cannoli' The Godfather
58%
'I'm walking here! I'm walking here!' Midnight Cowboy
37%
'One morning I shot an elephant in my pajamas. How he got in my pajamas, I don't know.' Animal Crackers
26%
'Madness, as you know, is a lot like gravity. All it takes is a little push.' Dark Knight
26%
'So do all who live to see such times, but that is not for them to decide. All we have to decide is what to do with the time that is given to us.' Lord of the Ring: The Fellowship of the Ring
21%
'I don't want to survive. I want to live' 12 Years A Slave
16%
'If I'm doing a fake movie, it's gonna be a fake hit.' Argo
16%
'Do not... seek... the treasure''We thought... you was... a toad' O Brother, Where Art Thou?
16%
'My agent. You are my ambassador of quan!' Jerry Maguire
11%
'Though we adore men individually, we agree that as a group they're rather stupid.' Mary Poppins
11%
'It's so metaphorical. It's really strong' Parasite
11%
No matching quizzes found
Score Distribution
Percent of People with Each Score
Percentile by Number Answered
Your Score History
You have not taken this quiz